| 000 | 00928nam a2200253 a 4500 | ||
|---|---|---|---|
| 001 | 000024166 | ||
| 005 | 20250526115843.0 | ||
| 008 | 110119s1970 mx r 000 0 spa d | ||
| 040 |
_aDO-SdBNP _bspa _cBNPHU |
||
| 082 |
_a303.483 _bM322h, 1970 |
||
| 100 | 1 |
_aMarcuse, Herbert, _d1898-1979 _95128 |
|
| 245 | 1 | 3 |
_ael hombre unidimensional : _bensayos sobre la ideología de la sociedad industrial avanzada / _cHerbert Marcuse ; traducción Juan García Ponce. |
| 250 | _a6a ed. | ||
| 260 |
_aMéxico, D. F. : _bEditorial Joaquín Mortiz, _c1970. |
||
| 300 |
_a272 p. ; _c19.5 cm. |
||
| 504 | _aIncluye referencias bibliográficas | ||
| 504 | _aIncluye notas al pie de las páginas. | ||
| 650 | 4 |
_aTecnología y civilización _94626 |
|
| 650 | 0 |
_aCivilización moderna _949626 |
|
| 650 | 4 |
_aTecnología _xAspecto social _949627 |
|
| 650 | 0 |
_aCambio social _91661 |
|
| 700 | 1 |
_aGarcía Ponce, Juan, _etr. _946983 |
|
| 049 | _aBNGR | ||
| 999 |
_c23660 _d23660 |
||